The flora of the South Indian hill stations (Record no. 410351)

MARC details
000 -LEADER
fixed length control field 00459nam a2200157Ia 4500
008 - FIXED-LENGTH DATA ELEMENTS--GENERAL INFORMATION
fixed length control field 191130s1986##################000#0#eng##
082 ## - DEWEY DECIMAL CLASSIFICATION NUMBER
Classification number 582.13095487 FYS.1
100 ## - MAIN ENTRY--AUTHOR NAME
Personal name Fyson, P. F
245 ## - TITLE STATEMENT
Title The flora of the South Indian hill stations
Statement of responsibility, etc P.F. Fyson
260 ## - PUBLICATION, DISTRIBUTION, ETC. (IMPRINT)
Place of publication Dehra Dun
Name of publisher Bishen Singh Mahendra Pal Singh
Year of publication 1986
300 ## - PHYSICAL DESCRIPTION
Number of Pages 697 p. : ill
991 ## -
-- 309336

No items available.

Find us on the map